Movies Quiz

Random Movies or Director Quiz

Terry Gilliam Movies Quiz Stats

 Plays Quiz Updated Feb 27, 2020

Support Sporcle.
Go Orange.
Score 0/14 Timer 04:00
0 Plays Today
Year Film % Correct
1985Brazil
78.8%
1975Monty Python and the Holy Grail
78.4%
1995Twelve Monkeys
63.5%
1981Time Bandits
55.4%
1983The Meaning of Life
54.5%
2005The Brothers Grimm
45.3%
1998Fear and Loathing in Las Vegas
43%
Year Film % Correct
1988The Adventures of Baron Munchausen
41.3%
1991The Fisher King
41%
2013The Zero Theorem
36.1%
1977Jabberwocky
33.2%
2009The Imaginarium of Doctor Parnassus
28.1%
2005Tideland
27.5%
2018The Man Who Killed Don Quixote
19.3%

From the Vault

Crossword Blackout! XX

by hockeystix3

We're preparing for whenever the next storm and power outage is.
Remove Ads.
Support Sporcle.
Get the best of Sporcle when you Go Orange. This ad-free experience offers more features, more stats, and more fun while also helping to support Sporcle. Thank you for becoming a member.

Show Comments

Extras

Top Quizzes Today


Score Distribution

Your Account Isn't Verified!

In order to create a playlist on Sporcle, you need to verify the email address you used during registration. Go to your Sporcle Settings to finish the process.

Report this User

Report this user for behavior that violates our Community Guidelines.

Details: